LIBRARY & INFORMATION CENTRE, KCAET, TAVANUR

ONLINE PUBLIC ACCESS CATALOGUE (OPAC)

Poet chaucer / (Record no. 838)

MARC details
000 -LEADER
fixed length control field 00466cam a2200193ua 4500
041 ## - LANGUAGE CODE
Language code of text/sound track or separate title eng
082 ## - DEWEY DECIMAL CLASSIFICATION NUMBER
Classification number 828.09
Item number COG/PO
100 ## - MAIN ENTRY--AUTHOR NAME
Personal name Coghill, Nevill .
245 ## - TITLE STATEMENT
Title Poet chaucer /
250 ## - EDITION STATEMENT
Edition statement 1 /
260 ## - PUBLICATION, DISTRIBUTION, ETC. (IMPRINT)
Place of publication London :
Name of publisher Oxford University Press ,
Year of publication 1964.
300 ## - PHYSICAL DESCRIPTION
Number of Pages 191 ; .
490 0# - SERIES STATEMENT
Series statement Opus,
Volume number/sequential designation 23
942 ## - ADDED ENTRY ELEMENTS (KOHA)
Koha item type Books
Holdings
Withdrawn status Lost status Damaged status Home library Current library Date acquired Full call number Accession Number Koha item type Cost, normal purchase price Public note
Withdrawn   Damaged KAUAET KAUAET 07/04/2012 828.09 11900 Books    
Withdrawn     KAUAET Sanskrit University 07/04/2012 828.09 7132 Books 12.60 Transferred to Sanskrit University
free website counter